Specials in elementary school - Statistics

General Stats
  • This quiz has been taken 10 times
  • The average score is 3 of 5
Answer Stats
Answer % Correct
Music
100%
Art
88%
Library
63%
Spanish
50%
Physical Eduacation
13%
No matching quizzes found
Score Distribution
Percent of People with Each Score
Percentile by Number Answered
Your Score History
You have not taken this quiz